Statystyki dla Dni tygodnia po francusku

Kliknij tutaj aby rozwiązać quiz!

Ogólne statystyki

  • Ten quiz został rozwiązany 49 razy
  • Średni wynik to 6 z 7

Statystyki odpowiedzi

HintOdpowiedź% Poprawnych
PoniedziałekLundi
88%
WtorekMardi
88%
NiedzielaDimanche
85%
CzwartekJeudi
85%
ŚrodaMercredi
85%
SobotaSamedi
82%
PiątekVendredi
82%

Rozkład punktacji

Percentyl według liczby udzielonych odpowiedzi

Procent ludzi z każdym wynikiem

Twoja historia wyników

Nie rozwiązałeś tego quizu